000 00826nam a2200277Ia 4500
001 Para_8611
003 CHAP
008 220125s9999 xx 000 0 und d
010 _a207422
040 _cCHAP
082 _aPA-C 595.752 A6
100 _aHori, Matsuji
_9174024
245 _aTwo new species of aphids parasitic on poplar in Hokhaido /
_c by Matsuji Hori
260 _as.l. :
_b s.n.
300 _a109-115 p.
440 _aAphidae; 26
_9174016
500 _aEncuadernado con otros impresos similares
650 _a
_x Afididos
_x Colecciones de escritos
_x Chopo
_x plagas
_x Afididos
_x Identificación
_9174026
901 _aPA-C 595.752 A6
902 _aA
905 _a000000 0000000000 00
910 _a
942 _cPARA
942 _cPARA
_d1
999 _c207422
_d207422